| 000 | 00000nam 2200000zi 4500 |
| 001 | 9.912543 |
| 003 | CaOODSP |
| 005 | 20240102145630 |
| 006 | m o d f |
| 007 | cr cn||||||||| |
| 008 | 220621t20222022abc o f000 0 fre d |
| 020 | |a9780660441702 |
| 040 | |aCaOODSP|bfre|erda|cCaOODSP |
| 043 | |an-cn--- |
| 086 | 1 |aNE23-208/2022F-PDF |
| 245 | 00|aMesures de recherche annuelle sur l'opinion publique de 2022 : |brapport final / |cproduit pour la Régie de l'énergie du Canada. |
| 264 | 1|a[Calgary] : |bRégie de l'énergie du Canada = Canada Energy Regulator, |c2022. |
| 264 | 4|c©2022 |
| 300 | |a1 ressource en ligne (62 pages) |
| 336 | |atexte|btxt|2rdacontent/fre |
| 337 | |ainformatique|bc|2rdamedia/fre |
| 338 | |aressource en ligne|bcr|2rdacarrier/fre |
| 500 | |aPublié aussi en anglais sous le titre : Annual public opinion research measures 2022: final report. |
| 500 | |a« Nom du fournisseur : Environics Research. » |
| 500 | |a« Numéro de contrat : 84084-210186/001/CY. » |
| 500 | |a« Numéro d'enregistrement : POR 086-21. » |
| 500 | |a« Mars 2022. » |
| 610 | 26|aRégie de l'énergie du Canada|xOpinion publique. |
| 650 | 6|aOpinion publique|zCanada. |
| 710 | 2 |aRégie de l'énergie du Canada, |eorganisme de publication. |
| 710 | 2 |aEnvironics Research Group, |econsultant. |
| 775 | 08|tAnnual public opinion research measures 2022 : |w(CaOODSP)9.912542 |
| 794 | |tMesures de recherche annuelle sur l'opinion publique de 2023 : |w(CaOODSP)9.924973 |
| 795 | |tMesures de recherche annuelle sur l'opinion publique de 2021 : |w(CaOODSP)9.897868 |
| 856 | 40|qPDF|s990 Ko|uhttps://publications.gc.ca/collections/collection_2024/rec-cer/NE23-208-2022-fra.pdf |